Central Library OPAC University of Rajshahi

Social psychology / (Record no. 60116)

MARC details
000 -LEADER
fixed length control field 00882nam a2200277 a 4500
001 - CONTROL NUMBER
control field 60116
003 - CONTROL NUMBER IDENTIFIER
rucl marc code BD-RjUL
005 - DATE AND TIME OF LATEST TRANSACTION
control field 20211209080815.0
008 - FIXED-LENGTH DATA ELEMENTS--GENERAL INFORMATION
fixed length control field 161228s1975 ilu b 001 0 eng
020 ## - INTERNATIONAL STANDARD BOOK NUMBER
International Standard Book Number 0030894077
035 ## - SYSTEM CONTROL NUMBER
System control number (BD-RjUL) 60240
040 ## - CATALOGING SOURCE
Original cataloging agency DLC
Transcribing agency DLC
Modifying agency DLC
-- BD-RjUL
Language of cataloging eng
041 ## - LANGUAGE CODE
Language code of text/sound track or separate title eng
082 00 - DEWEY DECIMAL CLASSIFICATION NUMBER
Classification number 302
Edition number 23
Author mark and year LIS 1975
100 1# - MAIN ENTRY--PERSONAL NAME
Personal name Lindesmith, Alfred Ray,
Dates associated with a name 1905-
9 (RLIN) 178935
245 10 - TITLE STATEMENT
Title Social psychology /
Statement of responsibility, etc. Alfred R. Lindesmith, Anselm L. Strauss, Norman K. Denzin.
250 ## - EDITION STATEMENT
Edition statement 4th ed.
260 ## - PUBLICATION, DISTRIBUTION, ETC. (IMPRINT)
Place of publication, distribution, etc. Hinsdale, Ill. :
Name of publisher, distributor, etc. Dryden Press,
Date of publication, distribution, etc. c1975
300 ## - PHYSICAL DESCRIPTION
Pagination xiv, 594 p. ;
Size 24 cm.
504 ## - BIBLIOGRAPHY, ETC. NOTE
Bibliography, etc Includes bibliographies and indexes.
650 #0 - SUBJECT ADDED ENTRY--TOPICAL TERM
Topical term or geographic name as entry element Social psychology.
9 (RLIN) 170365
Topical term or geographic name as entry element Psychology, Social.
9 (RLIN) 178936
700 1# - ADDED ENTRY--PERSONAL NAME
Personal name Strauss, Anselm L.,
Relator term joint author.
Personal name Denzin, Norman K.,
Relator term joint author.
942 ## - ADDED ENTRY ELEMENTS (KOHA)
Source of classification or shelving scheme Dewey Decimal Classification
Koha item type Books
Holdings
Lost status Source of classification or shelving scheme Damaged status Not for loan Collection code Permanent Location Current Location Shelving location Date acquired Total Checkouts Full call number Date last seen Copy number Koha item type
  Dewey Decimal Classification   Not For Loan Non-fiction Central Library, University of Rajshahi Central Library, University of Rajshahi   20/11/1985   302 LIS 1975 28/12/2016 C-1 Books